000 01164cam a22002651i 4500
003 SA-RiAUC
005 20251230095617.0
008 251229s1980 su g 000rp ara c
040 _aSA-JeALM
_bara
_cSA-RiAUC
_erda
082 0 4 _a811.9531
_qSA-RiAUC
090 _a811.9531
_bع ا م
100 1 _aالعامودي، محمد سعيد،
_d1323-1411 هجري
_eمؤلف.
245 1 0 _aمن رباعياتي /
_cمحمد سعيد العامودي.
250 _aالطبعة الأولى.
264 1 _aجدة - السعودية :
_bمطابع الروضة،
_c1980
300 _a113 صفحة ؛
_c18 سم.
336 _aنص
_btxt
_2rdacontent
_3كتاب
337 _aبدون وسيط
_bn
_2rdamedia
490 1 _aالسلسلة الشعرية ؛
_v3
500 _aاهداء من المؤلف محمد العمودي الى الشيخ رحمه الله بتاريخ 23 / 2 / 1401 هـ
650 7 _aالشعر العربي
_zالسعودية
_yقرن 14 هجري
_2aucsh
830 2 _aالسلسلة الشعرية (دار الرفاعي للنشر والطباعة والتوزيع)
_v3
942 _2ddc
_cBOOK
_n0
949 _aSA-JeALM
_d251229
_uosman123
_n1
999 _c13849
_d13849